Statistiques concernant Géographie connaissance générale

Cliquez ici pour prendre le quiz!

Statistiques générales

  • Ce quiz a été pris 1 033 fois
    (998 depuis la dernière actualisation)
  • Le résultat moyen est 9 sur 20

Statistiques - réponses

questionréponse% Correct
Quel est le plus grand désert d'Afrique?Sahara
90%
La capitale de la Grèce est nommée d'après laquelle la déesse grecque?Athéna
88%
Quelle est la plus haute montagne du Japon?Mont Fuji
81%
Quelle est la plus grande île des Caraïbes?Cuba
76%
Quelle forme de danse bien connue en Argentine et en Uruguay?Tango
69%
Quelle est la plus haute montagne d'Afrique?Mont Kilimandjaro
64%
Sur quelle mer se trouve la ville russe de Sotchi?Mer Noire
63%
Quel est le nom de la région néerlandophone de Belgique?Flandre
58%
L'équipe nationale de rugby dans quel pays s'appelle les Springboks?Afrique du Sud
57%
En volume d'eau, quel est le plus grand lac d'Ecosse?Loch Ness
51%
Quelle région italienne a sa capitale à Florence?Toscane
49%
Dans quel pays trouveriez-vous des chrétiens coptes?Egypte
39%
Quelle île est partagée par Haïti et la République dominicaine?Hispaniola
35%
Quelle est la capitale nationale la plus méridionale?Wellington
35%
Sur quelle île les oiseaux de dodo pourraient-ils être retrouvés une fois?Île Maurice
20%
Quel est l'animal national des États-Unis?Pygargue à tête blanche
14%
Quelle est la cascade la plus haute du monde?Salto Ángel
14%
Sur quelle péninsule trouveriez-vous Cabo San Lucas?Basse Californie
9%
Quel est l'état des États-Unis est appelé «the Sooner state»?Oklahoma
6%
Quelle «ligne» divise les États du nord et du sud des États-Unis?Ligne Mason-Dixon
1%

Distribution des résultats

Percentile par nombre de réponses

% des personnes avec chaque résultat

Votre développement - résultats

Vous n’avez pas pris ce quiz depuis la dernière actualisation